Dictionary of hotels, tourism and catering management / (Record no. 15341)

000 -LEADER
fixed length control field 00481nam a2200181 a 4500
020 ## - INTERNATIONAL STANDARD BOOK NUMBER
ISBN 0948549408 (pbk)
040 ## - CATALOGING SOURCE
Transcribing agency UKM
082 04 - DEWEY DECIMAL CLASSIFICATION NUMBER
Classification number 647 P.CO 1994 A054 Or.
100 1# - MAIN ENTRY--AUTHOR NAME
Personal name Collin, P. H.
245 10 - TITLE STATEMENT
Title Dictionary of hotels, tourism and catering management /
260 ## - PUBLICATION, DISTRIBUTION, ETC. (IMPRINT)
Place of publication Teddington :
Name of publisher P. Collin,
Year of publication 1994
300 ## - PHYSICAL DESCRIPTION
Number of Pages 275 p. ;
Dimensions 20 cm
650 #0 - SUBJECT ADDED ENTRY--TOPICAL TERM
Topical Term Hospitality industry
650 #0 - SUBJECT ADDED ENTRY--TOPICAL TERM
Topical Term Hotel management
650 #0 - SUBJECT ADDED ENTRY--TOPICAL TERM
Topical Term Tourism
650 #0 - SUBJECT ADDED ENTRY--TOPICAL TERM
Topical Term Food service management
942 ## - ADDED ENTRY ELEMENTS (KOHA)
Koha item type សៀវភៅភាសាអង់គ្លេស
952 ## - LOCATION AND ITEM INFORMATION (KOHA)
Withdrawn status [LOCAL, KOHA] 0
Holdings
Permanent Location Date acquired Koha item type Lost status Shelving location Barcode Current Location Full call number
Library Block A2017-11-17សៀវភៅភាសាអង់គ្លេស A054A06686Library Block A647 P.CO 1994 A054 Or.
មជ្ឈមណ្ឌលឯការនៃសាកលវិទ្យាល័យភូមិន្ទកសិកម្មចំការដូង

Powered by Koha